Preocupaciones sobre la balanza de comercio y remedio de la crisis monetaria / (Record no. 162540)

MARC details
000 -LEADER
campo de control de longitud fija 00717nam a2200181 i 4500
001 - NÚMERO DE CONTROL
campo de control 162540
003 - IDENTIFICADOR DE NÚMERO DE CONTROL
campo de control ES-MaACL
005 - FECHA Y HORA DE LA ÚLTIMA TRANSACCIÓN
campo de control 20250901104708.0
008 - DATOS DE LONGITUD FIJA--INFORMACIÓN GENERAL
campo de control de longitud fija 050922s1866 sp | |||||||| ||spa d
080 ## - NÚMERO DE LA CLASIFICACIÓN DECIMAL UNIVERSAL
Número de la Clasificación Decimal Universal 339(460)"18"
245 00 - MENCIÓN DEL TÍTULO
Título Preocupaciones sobre la balanza de comercio y remedio de la crisis monetaria /
Mención de responsabilidad, etc. por un concesionario de ferro-carril.
260 ## - PUBLICACIÓN, DISTRIBUCIÓN, ETC.
Lugar de publicación, distribución, etc. Madrid :
Nombre del editor, distribuidor, etc. [s.n.],
Fecha de publicación, distribución, etc. 1866 (
Fabricante Imp. de José M. Ducazcal)
300 ## - DESCRIPCIÓN FÍSICA
Extensión 23 p. ;
Dimensiones 22 cm.
650 #7 - PUNTO DE ACCESO ADICIONAL DE MATERIA--TÉRMINO DE MATERIA
Término de materia o nombre geográfico como elemento de entrada Comercio-
Subdivisión geográfica España-
Subdivisión cronológica S.XIX
Fuente del encabezamiento o término
9 (RLIN) 174680
852 4# - LOCALIZACIÓN
Ubicación ES-MaACL
Número de control de estantería T-71-F-7
Nota libre - Enc. en un vol. facticio
852 4# - LOCALIZACIÓN
Ubicación ES-MaACL
Número de control de estantería T-85-F-2
Nota libre - Enc. hol., falto de la enc. original
-- - Enc. en un vol. facticio
Holdings
Estatus retirado Estado de pérdida Estado de daño No para préstamo Colección Biblioteca de origen Biblioteca actual Ubicación en estantería Fecha de adquisición Total de préstamos Signatura topográfica completa Código de barras Visto por última vez Precio de reemplazo Tipo de ítem Koha Fuente de adquisición
        Colección de folletos Biblioteca del Ateneo de Madrid Biblioteca del Ateneo de Madrid Depósito folletos 17/01/2008   T-85-F-2 1170281 23/02/2023 23/02/2023 Folleto  
        Colección de folletos Biblioteca del Ateneo de Madrid Biblioteca del Ateneo de Madrid Depósito folletos 03/07/2005   T-71-F-7 1202264 23/02/2023 23/02/2023 Folleto